000 00509nam a2200169Ia 4500
008 240729s9999 xx 000 0 und d
022 _a2383-3610
245 0 _aHealth, Spirituality and Medical Ethics
260 _aIran, Islamic Republic of
260 _bQom University of Medical Sciences
650 _a Medical philosophy. Medical ethics
650 _a Medicine (General)
650 _aMedicine
856 _uhttps://doaj.org/toc/ffc6eaaedcaf4b618c8f803aaadd4ae6
942 _2ddc
942 _cDOAJEJ
999 _c73443
_d73443
945 _a1
_bMadushi Gamage
_c1
_dMadushi Gamage